Statistics for 20 Most Read Bible Verses

Click here to take the quiz!

General Stats

  • This quiz has been taken 70 times
  • The average score is 3 of 20

Answer Stats

RankVerse% Correct
1John 3:16
95%
5Genesis 1:1
71%
4Philippians 4:13
24%
3Romans 8:28
24%
20Romans 3:23
21%
2Jeremiah 29:11
18%
6Proverbs 3:5
14%
11Ephesians 2:8
6%
10Matthew 28:19
6%
18Galatians 2:20
5%
14John 10:10
5%
191 John 1:9
3%
9Philippians 4:6
3%
7Proverbs 3:6
3%
8Romans 12:2
3%
13Romans 12:1
2%
15Acts 18:10
0%
17Acts 18:11
0%
16Acts 18:9
0%
12Galatians 5:22
0%

Score Distribution

Percentile by Number Answered

Percent of People with Each Score

Your Score History

You have not taken this quiz